New Central Asia and its neighbours (Record no. 9474)
[ view plain ]
| 000 -LEADER | |
|---|---|
| fixed length control field | 00452nam a2200169Ia 4500 |
| 020 ## - INTERNATIONAL STANDARD BOOK NUMBER | |
| ISBN | 1855671395 |
| 082 ## - DEWEY DECIMAL CLASSIFICATION NUMBER | |
| Classification number | 958 NEW- |
| 245 #0 - TITLE STATEMENT | |
| Title | New Central Asia and its neighbours |
| 260 ## - PUBLICATION, DISTRIBUTION, ETC. (IMPRINT) | |
| Place of publication | London |
| Name of publisher | Printer Publishers |
| Year of publication | 1994 |
| 300 ## - PHYSICAL DESCRIPTION | |
| Number of Pages | vii, 119p |
| 440 ## - SERIES STATEMENT/ADDED ENTRY--TITLE | |
| Title | Chatham house papers |
| 504 ## - BIBLIOGRAPHY, ETC. NOTE | |
| Bibliography, etc | includes notes |
| 650 ## - SUBJECT ADDED ENTRY--TOPICAL TERM | |
| Topical Term | Asia, Central |
| Form subdivision | Foreign relations |
| Geographic subdivision | 1991- |
| 650 ## - SUBJECT ADDED ENTRY--TOPICAL TERM | |
| Topical Term | Asia, Central |
| Form subdivision | History |
| 700 ## - ADDED ENTRY--PERSONAL NAME | |
| Personal name | Ferdinand, Peter |
| 942 ## - ADDED ENTRY ELEMENTS (KOHA) | |
| Koha item type | Books |
| Source of classification or shelving scheme | Dewey Decimal Classification |
| Withdrawn status | Lost status | Damaged status | Not for loan | Collection code | Home library | Current library | Date acquired | Source of acquisition | Bill Date | Full call number | Accession Number | Price effective from | Koha item type |
|---|---|---|---|---|---|---|---|---|---|---|---|---|---|
| Docas Books | NASSDOC Library | NASSDOC Library | 28/12/2016 | Gifted by : DOCAS Collection | 2004-10-25 | 958 NEW- | D000140 | 18/04/2019 | Books |
